Goodman & Gilman's pharmacological basis of therapeutics / (Record no. 21164)

MARC details
000 -LEADER
fixed length control field 01502cam a22003735a 4500
001 - CONTROL NUMBER
control field 16053920
005 - DATE AND TIME OF LATEST TRANSACTION
control field 20160524123219.0
006 - FIXED-LENGTH DATA ELEMENTS--ADDITIONAL MATERIAL CHARACTERISTICS--GENERAL INFORMATION
fixed length control field m||||fr||z 00| 0
008 - FIXED-LENGTH DATA ELEMENTS--GENERAL INFORMATION
fixed length control field 100112s2011 nyua frb 001 0 eng d
020 ## - INTERNATIONAL STANDARD BOOK NUMBER
International Standard Book Number 9780071624428
020 ## - INTERNATIONAL STANDARD BOOK NUMBER
International Standard Book Number 0071624422
040 ## - CATALOGING SOURCE
Original cataloging agency DNLM/DLC
Transcribing agency DLC
Modifying agency DLC
-- EG-ScBUE
Language of cataloging eng
082 04 - DEWEY DECIMAL CLASSIFICATION NUMBER
Classification number 615.7
Edition number 22
Item number GOO
245 00 - TITLE STATEMENT
Title Goodman & Gilman's pharmacological basis of therapeutics /
Statement of responsibility, etc editor Laurence L. Brunton ; associate editors Bruce A. Chabner, Bj�orn C. Knollmann.
246 33 - VARYING FORM OF TITLE
Title proper/short title Goodman and Gilman's pharmacological basis of therapeutics
246 33 - VARYING FORM OF TITLE
Title proper/short title Pharmacological basis of therapeutics
246 30 - VARYING FORM OF TITLE
Title proper/short title The pharmacological basis of therapeutics
250 ## - EDITION STATEMENT
Edition statement 12th ed.
260 ## - PUBLICATION, DISTRIBUTION, ETC. (IMPRINT)
Place of publication, distribution, etc New York :
Name of publisher, distributor, etc McGraw-Hill Medical,
Date of publication, distribution, etc 2011.
300 ## - PHYSICAL DESCRIPTION
Extent xvi, 2084 p. :
Other physical details ill. (some col.) ;
Dimensions 26 cm. +
Accompanying material 1 DVD-ROM (4 3/4 in.)
500 ## - GENERAL NOTE
General note Rev. ed. of: Goodman & Gilman's the pharmacological basis of therapeutics. 11th ed. / editor, Laurence L. Brunton. c2006.
500 ## - GENERAL NOTE
General note Index : p. 1991-2084.
504 ## - BIBLIOGRAPHY, ETC. NOTE
Bibliography, etc Includes bibliographical references.
650 #7 - SUBJECT ADDED ENTRY--TOPICAL TERM
Topical term or geographic name as entry element Pharmacology.
Source of heading or term BUEsh
9 (RLIN) 12590
650 #7 - SUBJECT ADDED ENTRY--TOPICAL TERM
Topical term or geographic name as entry element Therapeutics.
Source of heading or term BUEsh
9 (RLIN) 39366
650 #7 - SUBJECT ADDED ENTRY--TOPICAL TERM
Topical term or geographic name as entry element Chemotherapy.
9 (RLIN) 9757
Source of heading or term BUEsh
651 ## - SUBJECT ADDED ENTRY--GEOGRAPHIC NAME
Source of heading or term BUEsh
653 ## - INDEX TERM--UNCONTROLLED
Resource For college Pharmacy
Arrived date list February2016
-- May2016
700 1# - ADDED ENTRY--PERSONAL NAME
Personal name Goodman, Louis S.
Fuller form of name (Louis Sanford),
Dates associated with a name 1906-2000.
9 (RLIN) 40021
700 1# - ADDED ENTRY--PERSONAL NAME
Personal name Brunton, Laurence L.,
Relator term editor.
9 (RLIN) 40020
700 1# - ADDED ENTRY--PERSONAL NAME
Personal name Chabner, Bruce,
Relator term editor.
700 1# - ADDED ENTRY--PERSONAL NAME
Personal name Knollmann, Bjorn C.,
Relator term editor.
942 ## - ADDED ENTRY ELEMENTS (KOHA)
Source of classification or shelving scheme Dewey Decimal Classification
Holdings
Withdrawn status Item status Source of classification or shelving scheme Damaged status Not for loan Vendor Home library Current library Shelving location Date acquired Source of acquisition Cost, normal purchase price Serial Enumeration / chronology Total Checkouts Total Renewals Full call number Barcode Date last seen Date last borrowed Cost, replacement price Koha item type
    Dewey Decimal Classification     Academic Bookshop Central Library Central Library First floor 16/02/2016 Purchase 1160.00 4867 1 2 615.7 GOO 000031565 15/07/2025 03/03/2016 1450.00 Book - Borrowing
    Dewey Decimal Classification     Academic Bookshop Central Library Central Library First floor 16/02/2016 Purchase 1160.00 4867 1 3 615.7 GOO 000031566 24/08/2022 24/09/2019 1450.00 CD | DVD - With book
    Dewey Decimal Classification     Alahram Central Library Central Library First floor 24/05/2016 Purchase 759.00 3     615.7 GOO 000032580 15/07/2025   948.00 Book - Borrowing
    Dewey Decimal Classification     Alahram Central Library Central Library First floor 24/05/2016 Purchase 759.00 3     615.7 GOO 000032581 24/08/2022   948.75 CD | DVD - With book